Welcome to CU Library Online Public Access Catalogue (OPAC)

THE NEW YOU; (Record no. 7416)

MARC details
000 -LEADER
fixed length control field 00420nam a22001457a 4500
005 - DATE AND TIME OF LATEST TRANSACTION
control field 20250901141837.0
008 - FIXED-LENGTH DATA ELEMENTS--GENERAL INFORMATION
fixed length control field 250901b |||||||| |||| 00| 0 eng d
020 ## - INTERNATIONAL STANDARD BOOK NUMBER
International Standard Book Number 9781535533935
050 ## - LIBRARY OF CONGRESS CALL NUMBER
Classification number BV4527
Item number WIL
100 ## - MAIN ENTRY--PERSONAL NAME
Personal name WILSON OTABIL FIIFI
245 ## - TITLE STATEMENT
Title THE NEW YOU;
Remainder of title UNDERSTANDING AND LIVING YOUR NEW IDENTITY IN CHRIST
260 ## - PUBLICATION, DISTRIBUTION, ETC.
Place of publication, distribution, etc. NASHVILLE
Name of publisher, distributor, etc. THOMSON NELSON, INC.
Date of publication, distribution, etc. c1982
300 ## - PHYSICAL DESCRIPTION
Extent xv, 101p
942 ## - ADDED ENTRY ELEMENTS (KOHA)
Source of classification or shelving scheme Library of Congress Classification
Koha item type Books
Suppress in OPAC No
999 ## -
-- 7416
-- 7416
Holdings
Withdrawn status Lost status Source of classification or shelving scheme Damaged status Not for loan Collection Home library Current library Shelving location Date acquired Total checkouts Full call number Barcode Date last seen Copy number Price effective from Koha item type
    Library of Congress Classification     Non-fiction Undergraduate Library (Christ Temple) Undergraduate Library (Christ Temple) General stacks 09/01/2025   BV4527 WIL ulct00004554 09/01/2025 1 09/01/2025 Books
    Library of Congress Classification     Non-fiction Undergraduate Library (Christ Temple) Undergraduate Library (Christ Temple) General stacks 09/01/2025   BV4527 WIL ulct00004555 09/01/2025 2 09/01/2025 Books
    Library of Congress Classification     Non-fiction Undergraduate Library (Christ Temple) Undergraduate Library (Christ Temple) General stacks 09/03/2025   BV4527 WIL ulct00004606 09/03/2025 1 09/03/2025 Books
© 2023-2024 Copyright: Central University Libraries. All Rights Reserved | Created by: Mahone Tech Office